Not just milk and honey : (Record no. 135947)

MARC details
000 -LEADER
fixed length control field 00676nam a22002297a 4500
005 - DATE AND TIME OF LATEST TRANSACTION
control field 20170124110252.0
010 ## - LIBRARY OF CONGRESS CONTROL NUMBER
LC control number B-030296
020 ## - INTERNATIONAL STANDARD BOOK NUMBER
Terms of availability 45.00
International Standard Book Number 812372456
035 ## - SYSTEM CONTROL NUMBER
System control number B-030296
037 ## - SOURCE OF ACQUISITION
Source of stock number/acquisition Cen Lib/Ret
040 ## - CATALOGING SOURCE
Original cataloging agency DPL
Language of cataloging EN
082 ## - DEWEY DECIMAL CLASSIFICATION NUMBER
Classification number S
Item number NOT
245 ## - TITLE STATEMENT
Title Not just milk and honey :
Statement of responsibility, etc edited by Haya Hoffman
Remainder of title an anthrology of Hebrew short stories /
246 ## - VARYING FORM OF TITLE
Remainder of title
260 ## - PUBLICATION, DISTRIBUTION, ETC. (IMPRINT)
Place of publication, distribution, etc New Delhi
Name of publisher, distributor, etc National Book Trust
Date of publication, distribution, etc 2000
270 ## - ADDRESS
City New Delhi
Address A-5, Green park
Postal code 110016
300 ## - PHYSICAL DESCRIPTION
Extent xvi, 226p.
Dimensions 21cm(Hb)
650 ## - SUBJECT ADDED ENTRY--TOPICAL TERM
Topical term or geographic name as entry element Literature -- Fiction
9 (RLIN) 99799
650 ## - SUBJECT ADDED ENTRY--TOPICAL TERM
Topical term or geographic name as entry element English stories
9 (RLIN) 26733
700 ## - ADDED ENTRY--PERSONAL NAME
Personal name Hoffman, Haya
9 (RLIN) 99800
942 ## - ADDED ENTRY ELEMENTS (KOHA)
Source of classification or shelving scheme Dewey Decimal Classification
Koha item type English Books
Classification part S
Call number suffix NOT
Holdings
Withdrawn status Lost status Damaged status Not for loan Home library Current library Date acquired Source of acquisition Cost, normal purchase price Total Checkouts Full call number Barcode Date last seen Copy number Cost, replacement price Price effective from Koha item type Public note
Written off       Central Library Central Library 12/10/2015 Cen Lib/Ret 45.00   S NOT B-030296 12/10/2015 1 45.00 12/10/2015 English Books W/d List No. 6860/22 ; dtd 05/08/2020

© Delhi Public Library
Hit Counter
free hit counter